Glosario de términos trata de personas: derecho aplicado
Zapisane w:
| Korporacja: | |
|---|---|
| Format: | Książka |
| Język: | Spanish |
| Wydane: |
San José, Costa Rica:
OIM,
2010
|
| Etykiety: |
Dodaj etykietę
Nie ma etykietki, Dołącz pierwszą etykiete!
|
MARC
| LEADER | 00000nam a22000007a 4500 | ||
|---|---|---|---|
| 003 | c | ||
| 005 | 20240627164016.0 | ||
| 008 | 240625b2010 cr ||||| |||| 00| 0 spa d | ||
| 020 | |a 978-9968-542-23-4 | ||
| 040 | |a cru CIDCACS/IIS |b spa |c cru CIDCACS/IIS | ||
| 090 | |a 04.02.01 O68g | ||
| 110 | |a Organización Internacional para las Migraciones (OIM) |9 11279 | ||
| 245 | 1 | |a Glosario de términos trata de personas: |b derecho aplicado |c Organización Internacional para las Migraciones |h [impreso] | |
| 260 | |a San José, Costa Rica: |b OIM, |c 2010 | ||
| 300 | |a 30 páginas | ||
| 650 | 0 | 7 | |0 TESAUROS |2 TESAUROS |
| 942 | |2 z |c LI |h <script>document.querySelector('[id^="tag_090_subfield_a"]').value</script> |i 12614 |k 04.02.01 |m O68g |6 SCRIPTDOCUMENTQUERYSELECTORIDTAG_090_SUBFIELD_AVALUESCRIPT_12614 | ||
| 999 | |c 45843 |d 45843 | ||



